Trivia, Trivia, Trivia - Statistics

General Stats
  • This quiz has been taken 8 times
  • The average score is 11 of 13
Answer Stats
Hint Answer % Correct
What was the name of the first computer virus? Creeper
100%
Who was the world’s highest-paid athlete in 2023? Cristiano Ronaldo
100%
Who was the first woman to win a Nobel Prize? Marie Curie
100%
Which philosopher wrote The Republic? Plato
100%
In which country would you find Mount Kilimanjaro? Tanzania
100%
What is the heaviest naturally occurring element on the periodic table? Uranium
100%
What country features a shipwreck on its national flag? Bermuda
83%
Which country is credited with inventing ice cream? China
83%
Which animal has the largest brain relative to its body size? Dolphin
83%
What is the only flag that does not have four sides? Nepal
83%
What is the loudest animal on Earth? Sperm Whale
67%
What do you call it when a bowler makes three strikes in a row? Turkey
67%
What animal has the longest lifespan? Glass Sponge
33%
No matching quizzes found
Score Distribution
Percent of People with Each Score
Percentile by Number Answered
Your Score History
You have not taken this quiz